Cultivo moderno del tomate /
Guardado en:
| Autor Principal: | |
|---|---|
| Otros Autores: | , |
| Formato: | Libro |
| Publicado: |
Madrid :
Mundi-prensa,
2001
|
| Edición: | 2a. ed. |
| Materias: | |
| Etiquetas: |
Agregar Etiqueta
Sin Etiquetas, Sea el primero en etiquetar este registro!
|
| LEADER | 01198nam a22002295a 4500 | ||
|---|---|---|---|
| 001 | CEM.cems017677 | ||
| 005 | 20110831112527.0 | ||
| 008 | 130507s2001##################000#0#####d | ||
| 003 | CEMS | ||
| 020 | |a 8471146401 | ||
| 082 | 0 | 4 | |a 635.6 |
| 100 | 1 | |a Rodríguez Rodríguez, Rafael | |
| 245 | 1 | 0 | |a Cultivo moderno del tomate / |c Rafael Rodríguez Rodríguez, José María Tabares Rodríguez y José Antonio Medina San Juan |
| 250 | |a 2a. ed. | ||
| 260 | |a Madrid : |b Mundi-prensa, |c 2001 | ||
| 300 | |a 255 p. | ||
| 505 | 0 | |a Descripción de la planta -- Variedades -- Técnicas de cultivo -- Plagas y enfermedades. Los insectos y ácaros -- Los nematodos -- Las enfermedades bacterianas -- Enfermedades producidas por hongos que afectan al follaje, o de propagación aérea -- Las enfermedades vasculares, radiculares y de la base del tallo producidas por hongos -- Las principales virosis del tomate -- Principales enfermedades fisiológicas o accidentales -- Manipulación -- Comercialización -- Estudio económico | |
| 653 | |a Tomate | ||
| 653 | |a Tomate-cultivo | ||
| 700 | 1 | |a Tabares Rodríguez, R. | |
| 700 | 1 | |a Medina San Juan, J. A. | |
| 859 | |a CEMS |b BIB. CEMS - Agricultura |h 635.6 |i R618a2 |p A1427.11 |t Ej.1 | ||
